000 00442nam a2200193Ia 4500
005 20250425162444.0
008 250425s9999 xx 000 0 und d
020 _a0471869570
041 _aeng
082 _a641.18
245 0 _aMETHODS OF VITAMIN ASSAY
250 _a4TH ED.
260 _aEstados Unidos
_bJOHN WILEY & SONS
_c1985
260 _aNEW YORK
300 _a590
650 _aVITAMINAS
942 _c01
010 _a75390
999 _c229580
_d229580